000
00376nam a2200145Ia 4500
008
231129s2004||||xx |||||||||||||| ||spa||
020
_a
958-04-6704-X
040
_b
spa
082
_a
(i) Pe863 E76c
100
_a
Eslava Jorge
245
0
_a
Cuentos horribles
260
_c
2004
264
_a
Bogotá Colombia : Norma
942
_2
ddc
_c
BKS
999
_c
8503
_d
8503